000 00635nam a22002177a 4500
003 UA-OsUOA
001 65071
007 ta
008 20091112b un ||||| |||| 00| 0 ukr d
090 _a330=111
_bЕ45
942 _cBK
040 _aUA-OsUOA
_bukr
_cUA-OsUOA
_dUA-OsUOA
245 _aЕкономіка: сучасні проблеми та перспективи розвитку
_bЗбірник матеріалів
_cТимошенко І. І.
300 _a238 с.
955 _a2
041 _aukr
080 _a330=111
260 _aК.
_c2007
650 7 _a330 Економіка взагалі
_2UDC
999 _c351184
_d351184